Indian medium towns: an appraisal of their role as growth centres (Record no. 403270)

000 -LEADER
fixed length control field 00445cam a22001457a 4500
008 - FIXED-LENGTH DATA ELEMENTS--GENERAL INFORMATION
fixed length control field 180718b1997 xxu||||| |||| 00| 0 eng d
020 ## - INTERNATIONAL STANDARD BOOK NUMBER
International Standard Book Number 8170333661
082 ## - DEWEY DECIMAL CLASSIFICATION NUMBER
Classification number J72 D561
245 ## - TITLE STATEMENT
Title Indian medium towns: an appraisal of their role as growth centres
Statement of responsibility, etc. edited by Jaymala Diddee
260 ## - PUBLICATION, DISTRIBUTION, ETC.
Place of publication, distribution, etc. Jaipur
Name of publisher, distributor, etc. Rawat Pub.
Date of publication, distribution, etc. 1997
300 ## - PHYSICAL DESCRIPTION
Extent 363p.
650 ## - SUBJECT ADDED ENTRY--TOPICAL TERM
Topical term or geographic name entry element City planning - India.
650 ## - SUBJECT ADDED ENTRY--TOPICAL TERM
Topical term or geographic name entry element Cities and towns - Growth
700 ## - ADDED ENTRY--PERSONAL NAME
Personal name Diddee, Jaymala
Holdings
Withdrawn status Lost status Damaged status Not for loan Permanent Location Current Location Date acquired Full call number Barcode Date last seen Price effective from Koha item type
        Indian Institute of Public Administration Indian Institute of Public Administration 2005-01-13 J72 D561 DA6258 2018-07-21 2018-07-21 DA

Powered by Koha